Lineáris optimalizálás elmélete és algoritmusai
Elmentve itt :
| Szerző: | |
|---|---|
| Dokumentumtípus: | Könyv |
| Megjelent: |
2013
|
| Kulcsszavak: | operációkutatás lineáris programozás |
| Tárgyszavak: | |
| Online Access: | http://eta.bibl.u-szeged.hu/1318 |
| LEADER | 00757nnm a2200217 i 4500 | ||
|---|---|---|---|
| 001 | eta1318 | ||
| 005 | 20181127151112.0 | ||
| 008 | 181127s2013 hu o 0|| hun d | ||
| 040 | |a SZTE Elektronikus Tananyag Archívum |b hun | ||
| 041 | |a hun | ||
| 100 | 1 | |a Illés Tibor | |
| 245 | 1 | 0 | |a Lineáris optimalizálás elmélete és algoritmusai |h [elektronikus dokumentum] / |c Illés Tibor |
| 260 | |c 2013 | ||
| 300 | |a 163 | ||
| 516 | |a Book | ||
| 650 | 4 | |a Természettudományok | |
| 650 | 4 | |a Számítás- és információtudomány | |
| 650 | 4 | |a Számítástudomány, információtudomány és bioinformatika | |
| 695 | |a operációkutatás | ||
| 695 | |a lineáris programozás | ||
| 856 | 4 | 0 | |u https://eta.bibl.u-szeged.hu/1318/1/linearis_optimalizalas.pdf |z Dokumentum-elérés |